000 00687nam a2200289Ia 4500
001 Z_4629
003 CHAP
008 220113s1999 xx 000 0 und d
010 _a167704
040 _cCHAP
082 _a636.13 R3
100 _aRavazzi, Gianni
_9141968
245 _aEl gran libro ilustrado de los caballos /
_cpor Gianni Ravazzi
260 _aBarcelona :
_bVecchi,
_c1999
300 _a156 p. ; ilus.
440 _a
500 _a
503 _aC/E
650 _aGanado caballar
_xCría de
_944971
650 _aGanado caballar
_xRazas I. t.
_9141969
901 _a636.13 R3
902 _aA
910 _a1999
942 _c1
942 _cc1
999 _c167704
_d167704